00814nam a2200229 a 450000100100000000500170001000800410002702000150006804000250008304100080010810000270011624500390014326000380018230000430022049000350026350000210029850400280031950400730034783000420042095201050046299900170056700004302820201002040602.0140217s1990 xxuac 001 0 spa d a0394499735 aDO-SdBNPbspacBNPHU17aeng1 aCaro, Robert A.97055510aMeans of ascent /cRobert A. Caro. aNew York :bVintage Books,c1990. axxxiv, 522 p. :bil., retrs. ;c24 cm.1 aThe Years of Lyndon Johnsonv2 aIncluye índice aBibliografía : p. 506 aIncluye referencias bibliográficas y notas al pie de las páginas 0aThe Years of Lyndon Johnsonv2970556 001050718MOaGRbGRcCTd2014-02-17iLF1l0o p43028-10r2020-06-25w2020-06-25y1ZNo se presta c42517d42517